000 00670nam a2200217Ii 4500
003 JO-AjNU
008 230605s9999||||xx |||||||||||||| ||und||
017 _a40208
040 _aJO-AjNU
_bara
_erda
_cJO-AjNU
041 _aara
050 1 4 _aHD49.T373.2010
100 3 _aالطراونه،محمد ابراهيم,
_eauthor
_931044
245 0 0 _aادارة الازمات
250 _aط1
264 3 1 _aعمان:دار اليراع للنشر والتوزيع،2010
300 _a191ص
336 _atext
_btxt
_2rdacontent
337 _aunmediated
_bn
_2rdamedia
338 _avolume
_bnc
_2rdacarrier
650 4 _aادارة الازمات-الكوارث
_931045
999 _aA12374
_c15942
_d15942